Ošetrovateľská starostlivosť 10 rokov po reforme vzdelávania sestier

Bibliographic Details
Main Author: Kilíková, Mária, 1964- (Author)
Format: Article
Language:Slovak
Subjects:

MARC

LEADER 00000nab a2200000 a 4500
001 vtls000793200
003 SK-MaSNL
005 20260426083144.0
008 250429c2001 xo 0 slo
015 |a SNBRB2002/06-18357 
035 |a CLN000144855 
035 |a urn:nbn:sk:snk-ab6xsa 
035 |a (uuid)c214f799-0cb2-4624-932f-e07e41ba7651 
035 |a (urnnbn)urn:nbn:sk:snk:ar-a066w9 
035 |a (sysno)vtls000793200 
040 |a SNKBUCL  |b slo  |c SNKBUCL  |e AACR2 
041 0 |a slo 
044 |a xo  |c SK 
080 |a 614.253.5:001.891  |2 1997 
100 1 |a Kilíková, Mária,  |d 1964-  |4 aut  |9 230524 
245 1 0 |a Ošetrovateľská starostlivosť 10 rokov po reforme vzdelávania sestier  |c M. Kilíková 
246 1 1 |a Nursing care 10 years after the reform of nurse's education 
504 |a Res. angl., slov. 
650 0 7 |a vzdelávanie  |2 SNKPH  |9 4033 
650 0 7 |a ošetrovateľstvo  |2 SNKPH  |9 2557 
650 0 7 |a výchova a vzdelávanie  |2 SNKPH  |9 1684 
650 0 7 |a kvalita zdravotníckej starostlivosti  |2 SNKPH  |9 698392 
650 0 7 |a výskum  |2 SNKPH  |9 4238 
650 0 7 |a ošetrovateľský výskum  |2 SNKPH  |9 178786 
655 7 |a články z novín a časopisov  |2 SNK  |9 267496 
773 0 |t Revue ošetrovateľstva a laboratórnych metodík  |g Roč. 7, č. 3 (2001), s. 84-86 
850 |a Slovenská národná knižnica 
852 |a Slovenská národná knižnica 
958 |a article27 
958 |a OND 
958 |a MI 
958 |a EUIPO 
999 |c 2896770  |d 2898700